000 00305nam a22001457a 4500
003 SGT
020 _a978-89-33257-558-5
082 _a150
_bP17A
100 _aANASTASI, ANNE
245 _aPSYCHOLOGICAL TESTING
250 _a6TH
260 _bPEARSON PUB
_c2017
300 _a628
942 _2ddc
_cBK
_07
999 _c17878
_d17878